Catàleg d'activitats d'igualtat i ciutadania 2009
Descripción Física:
8, [49] p. : quadres ; 29 cm
MARC
| LEADER | 00000nam a2200000Ia 4500 | ||
|---|---|---|---|
| 001 | 21914 | ||
| 008 | 160829s2009 xx 000 0 cat d | ||
| 080 | |a S-1-295 | ||
| 245 | |a Catàleg d'activitats d'igualtat i ciutadania 2009 | ||
| 260 | |a Barcelona : |b Diputació de Barcelona. [Àrea d'Igualtat i Ciutadania], |c 2009 | ||
| 300 | |a 8, [49] p. : |b quadres ; |c 29 cm | ||
| 650 | 0 | |a Gestió cultural |z Barcelona (Província) |9 31473 | |
| 650 | 0 | |a Serveis municipals |x Barcelona (Catalunya : Província) |9 30634 | |
| 710 | |a Barcelona (Catalunya : Província). |b Àrea d'Igualtat i Ciutadania |9 7840 | ||
| 901 | |a Arxiu | ||
| 942 | |n 1 | ||
| 952 | |0 0 |1 0 |4 0 |6 S1295 |7 1 |9 52250 |a Arxiu |b Arxiu |d 2016-12-01 |l 0 |o S-1-295 |p 21914 |r 2016-12-01 00:00:00 |w 2016-12-01 |y ARXIU | ||
| 999 | |c 56098 |d 56098 | ||